| 000 | 00340nam a2200133Ia 4500 | ||
|---|---|---|---|
| 005 | 20260326235457.0 | ||
| 008 | 260326s9999||||xx |||||||||||||| ||und|| | ||
| 100 | _aMosca, Juan | ||
| 245 | 0 |
_aBogotá : _b Ayer, hoy y mañana / _cJuan Mosca |
|
| 260 | _bVillegas Editores | ||
| 300 | _a303 p. | ||
| 650 | _aARQUITECTURA REGIONAL | ||
| 942 | _cBK | ||
| 999 |
_c7959 _d7959 |
||